[Event "Famalicao op 6th"]
[Site "Famalicao"]
[Date "2018.07.29"]
[Round "1"]
[White "Fonseca, Pedro Miguel Ramos"]
[Black "Costa, Paulo Jorge Lopes"]
[Result "0-1"]
[WhiteElo "1344"]
[BlackElo "2170"]
[PlyCount "46"]
[EventDate "2018.07.29"]
[EventType "swiss"]
[EventRounds "9"]
[EventCountry "POR"]
[SourceTitle "CBM 185 Extra"]
[Source "ChessBase"]
[SourceDate "2018.07.29"]
[SourceVersion "1"]
[SourceVersionDate "2018.07.29"]
[SourceQuality "1"]

1. e4 c5 2. Nf3 e6 3. d4 cxd4 4. Nxd4 Nc6 5. Nc3 a6 6. Be3 Qc7 7. g3 Nf6 8. Bg2 Bb4 9. Qd3 Ne5 10. Qd2 Nc4 11. Qc1 Nxb2 12. 0-0 Bxc3 13. Ne2 Ng4 14. Nxc3 Qxc3 15. Bd2 Qf6 16. Bg5 Qg6 17. h3 h6 18. hxg4 Qxg5 19. Qxb2 0-0 20. e5 Qxg4 21. Bxb7 Rb8 22. Bf3 Qxf3 23. Qxb8 Bb7 0-1

[Event "Lisbon Portugal op"]
[Site "Lisbon"]
[Date "2018.02.08"]
[Round "8"]
[White "Costa, Paulo Jorge Lopes"]
[Black "Froewis, Georg"]
[Result "0-1"]
[WhiteElo "2175"]
[BlackElo "2428"]
[PlyCount "70"]
[EventDate "2018.02.03"]
[EventType "swiss"]
[EventRounds "9"]
[EventCountry "POR"]
[SourceTitle "CBM 182 Extra"]
[Source "ChessBase"]
[SourceDate "2018.02.23"]
[SourceVersion "1"]
[SourceVersionDate "2018.02.23"]
[SourceQuality "1"]

1. Nf3 d5 2. d4 Nf6 3. c4 e6 4. Nc3 a6 5. cxd5 exd5 6. Bf4 Bd6 7. Bg3 0-0 8. e3 Bf5 9. Be2 c6 10. 0-0 Bxg3 11. hxg3 Nbd7 12. Bd3 Bxd3 13. Qxd3 Qe7 14. b4 b5 15. Qb1 Nb6 16. a4 Nc4 17. Ra2 Rfe8 18. Re1 Rad8 19. Rae2 Ne4 20. Nxe4 dxe4 21. Nd2 Nb6 22. Rc1 Rd6 23. axb5 axb5 24. Rc5 Nd5 25. Re1 f5 26. Rec1 Qd7 27. Qa2 h5 28. Nb1 Kh7 29. Qa5 f4 30. gxf4 Rg6 31. f5 Qxf5 32. Rxc6 Rc8 33. Rxc8 Qf3 34. Kf1 Nxe3+ 35. Ke1 Nxg2+ 0-1

[Event "Lisbon Portugal op"]
[Site "Lisbon"]
[Date "2018.02.06"]
[Round "6"]
[White "Sousa, Andre Ventura"]
[Black "Costa, Paulo Jorge Lopes"]
[Result "1-0"]
[WhiteElo "2405"]
[BlackElo "2175"]
[PlyCount "130"]
[EventDate "2018.02.03"]
[EventType "swiss"]
[EventRounds "9"]
[EventCountry "POR"]
[SourceTitle "CBM 182 Extra"]
[Source "ChessBase"]
[SourceDate "2018.02.23"]
[SourceVersion "1"]
[SourceVersionDate "2018.02.23"]
[SourceQuality "1"]

1. e4 c5 2. Nf3 e6 3. b3 Nc6 4. Bb2 d6 5. d4 cxd4 6. Nxd4 Nf6 7. Nxc6 bxc6 8. e5 dxe5 9. Qxd8+ Kxd8 10. Bxe5 Nd5 11. Bb2 f6 12. Nc3 Nxc3 13. Bxc3 a5 14. 0-0-0+ Kc7 15. Rd4 Ba3+ 16. Kb1 Rd8 17. Rxd8 Kxd8 18. Bd3 h6 19. f4 Bb4 20. Bb2 Kc7 21. Rf1 Ba6 22. c4 Re8 23. g4 Bd6 24. h4 e5 25. fxe5 Bxe5 26. Re1 c5 27. Ba3 Kb6 28. Kc2 Re7 29. Bc1 Bd6 30. Rd1 Be5 31. Bf5 Bd4 32. Bf4 Re2+ 33. Rd2 Rxd2+ 34. Kxd2 g5 35. Bg3 Bb7 36. h5 Be5 37. Bf2 Bg2 38. Kc2 Bf3 39. a3 Kc6 40. Be1 Bc7 41. Bc3 Bd8 42. Kd2 Kd6 43. Ke3 Bd1 44. b4 axb4 45. axb4 Bb3 46. Kd3 Bd1 47. bxc5+ Kxc5 48. Bb2 Kd6 49. Ba3+ Ke5 50. Ke3 Bb6+ 51. c5 Ba7 52. Kd2 Bf3 53. Ke3 Bd1 54. Bb2+ Kd5 55. Bxf6 Bxc5+ 56. Kd2 Bf3 57. Bg7 Bd4 58. Bxh6 Bf6 59. Bf8 Ke5 60. Ke3 Bd5 61. Ba3 Bd8 62. Bb2+ Kd6 63. h6 Bb6+ 64. Ke2 Bc4+ 65. Bd3 Kd5 1-0

[Event "Azores op 4th"]
[Site "Ponta Delgada"]
[Date "2017.12.10"]
[Round "7"]
[White "Carneiro, Carlos Alberto Carv"]
[Black "Costa, Paulo Jorge Lopes"]
[Result "0-1"]
[WhiteElo "2141"]
[BlackElo "2161"]
[PlyCount "84"]
[EventDate "2017.12.07"]
[EventType "swiss"]
[EventRounds "7"]
[EventCountry "POR"]
[SourceTitle "CBM 182 Extra"]
[Source "ChessBase"]
[SourceDate "2018.02.23"]
[SourceVersion "1"]
[SourceVersionDate "2018.02.23"]
[SourceQuality "1"]

1. d4 Nf6 2. c4 e6 3. Nf3 Bb4+ 4. Nbd2 0-0 5. a3 Be7 6. e4 d6 7. b4 e5 8. dxe5 dxe5 9. Bb2 a5 10. b5 Nbd7 11. Be2 Bd6 12. 0-0 Qe7 13. Qc2 Nc5 14. Rfe1 Re8 15. Bf1 Nh5 16. g3 g6 17. Nb3 f6 18. Bg2 Ng7 19. Nfd2 Nge6 20. Nf1 Nxb3 21. Qxb3 Bc5 22. Ne3 a4 23. Qa2 c6 24. bxc6 bxc6 25. Rad1 Rb8 26. Rd3 Nd4 27. Bxd4 Bxd4 28. Re2 Be6 29. h4 Rb6 30. Kh2 Reb8 31. Nd1 Qc5 32. Rc2 Rb3 33. Bf1 Rxd3 34. Bxd3 Rb3 35. Bf1 Rxa3 36. Qb1 Ra1 37. Qb8+ Qf8 38. Qb7 Rxd1 39. Be2 Ra1 40. Qxc6 Qc8 41. Qb5 a3 42. c5 a2 0-1

[Event "Azores op 4th"]
[Site "Ponta Delgada"]
[Date "2017.12.09"]
[Round "4"]
[White "Costa, Paulo Jorge Lopes"]
[Black "Costa, Joao Guerra"]
[Result "1/2-1/2"]
[WhiteElo "2161"]
[BlackElo "2146"]
[PlyCount "37"]
[EventDate "2017.12.07"]
[EventType "swiss"]
[EventRounds "7"]
[EventCountry "POR"]
[SourceTitle "CBM 182 Extra"]
[Source "ChessBase"]
[SourceDate "2018.02.23"]
[SourceVersion "1"]
[SourceVersionDate "2018.02.23"]
[SourceQuality "1"]

1. d4 d5 2. Nf3 Nf6 3. c4 e6 4. g3 Nbd7 5. Bg2 c6 6. Qc2 Ne4 7. 0-0 Be7 8. Nc3 f5 9. Bf4 0-0 10. Ne5 g5 11. Nxd7 Qxd7 12. Be5 Nf6 13. f3 Qe8 14. h3 Nd7 15. f4 Nb6 16. cxd5 exd5 17. a4 Nc4 18. Nd1 gxf4 19. gxf4 1/2-1/2

[Event "Azores op 4th"]
[Site "Ponta Delgada"]
[Date "2017.12.09"]
[Round "5"]
[White "Santos, Jose Guilherme B Li"]
[Black "Costa, Paulo Jorge Lopes"]
[Result "1-0"]
[WhiteElo "1937"]
[BlackElo "2161"]
[PlyCount "107"]
[EventDate "2017.12.07"]
[EventType "swiss"]
[EventRounds "7"]
[EventCountry "POR"]
[SourceTitle "CBM 182 Extra"]
[Source "ChessBase"]
[SourceDate "2018.02.23"]
[SourceVersion "1"]
[SourceVersionDate "2018.02.23"]
[SourceQuality "1"]

1. e4 c5 2. Nf3 e6 3. d4 cxd4 4. Nxd4 Nc6 5. Be3 a6 6. Bd3 Qc7 7. 0-0 Nf6 8. Nc3 Be7 9. Kh1 h5 10. Nxc6 bxc6 11. f4 d5 12. Be2 h4 13. Bf3 Bb7 14. exd5 cxd5 15. Qd4 Nd7 16. Rac1 Bf6 17. Qb4 Bc6 18. f5 h3 19. g3 Rb8 20. Qg4 Ne5 21. Qf4 d4 22. Bxd4 Bxf3+ 23. Rxf3 Qc6 24. Bxe5 Bxe5 25. Qa4 Rb5 26. Rcf1 Bxc3 27. bxc3 0-0 28. Kg1 exf5 29. Qh4 Rfb8 30. Qxh3 Rb1 31. Qxf5 f6 32. Rd3 Rxf1+ 33. Qxf1 Qc5+ 34. Rd4 Qxc3 35. Qc4+ Qxc4 36. Rxc4 Rb2 37. a4 Kf7 38. Kf2 Ke6 39. Ke3 Kd5 40. Kd3 Ra2 41. Rg4 g5 42. h4 gxh4 43. Rxh4 Ra3+ 44. c3 Ra2 45. Rh5+ Kc6 46. Ra5 Kb7 47. Ke3 Rc2 48. Rc5 Kb6 49. Rc4 Rc1 50. Kf4 Rf1+ 51. Kg4 Rc1 52. Kf5 Rg1 53. g4 Rf1+ 54. Rf4 1-0

[Event "Azores op 4th"]
[Site "Ponta Delgada"]
[Date "2017.12.07"]
[Round "1"]
[White "Funk, Guenther Matthias"]
[Black "Costa, Paulo Jorge Lopes"]
[Result "0-1"]
[WhiteElo "1502"]
[BlackElo "2161"]
[PlyCount "86"]
[EventDate "2017.12.07"]
[EventType "swiss"]
[EventRounds "7"]
[EventCountry "POR"]
[SourceTitle "CBM 182 Extra"]
[Source "ChessBase"]
[SourceDate "2018.02.23"]
[SourceVersion "1"]
[SourceVersionDate "2018.02.23"]
[SourceQuality "1"]

1. c4 Nf6 2. d4 e6 3. Bg5 c5 4. d5 d6 5. Nc3 Be7 6. Nf3 0-0 7. e4 exd5 8. cxd5 h6 9. Be3 Bg4 10. Be2 Nbd7 11. Nd2 Bxe2 12. Qxe2 a6 13. a4 b5 14. axb5 axb5 15. Rxa8 Qxa8 16. 0-0 b4 17. Nd1 Re8 18. f4 Bf8 19. Qf3 Qa6 20. b3 Qd3 21. Nf2 Qc3 22. g4 Ra8 23. g5 hxg5 24. fxg5 Ne5 25. Qe2 Nfd7 26. Nd1 Qc2 27. Bf4 Ra2 28. h4 Ng6 29. Be3 Qxe4 30. h5 Nge5 31. Nxe4 Rxe2 32. Ng3 Ra2 33. Ne4 Be7 34. h6 Nb6 35. hxg7 Kxg7 36. Nf6 Bxf6 37. Rxf6 Ra1 38. Rf1 Nxd5 39. Bd2 Nf3+ 40. Rxf3 Rxd1+ 41. Kg2 Rxd2+ 42. Kg3 Rc2 43. Rd3 Rc3 0-1

[Event "Ourense Campus 4th"]
[Site "Ourense"]
[Date "2017.07.02"]
[Round "2.10"]
[White "Naumkin, Igor"]
[Black "Costa, Paulo Jorge Lopes"]
[Result "1/2-1/2"]
[WhiteElo "2397"]
[BlackElo "2108"]
[PlyCount "59"]
[EventDate "2017.07.01"]
[EventType "swiss"]
[EventRounds "9"]
[EventCountry "ESP"]
[SourceTitle "EXT 2024"]
[Source "ChessBase"]
[SourceDate "2023.10.10"]
[SourceVersion "1"]
[SourceVersionDate "2023.10.10"]
[SourceQuality "1"]

1. d4 Nf6 2. c4 e6 3. Nf3 Bb4+ 4. Nbd2 0-0 5. a3 Be7 6. e4 d6 7. Be2 Nbd7 8. 0-0 e5 9. d5 Nc5 10. Qc2 a5 11. b3 Bg4 12. Re1 c6 13. dxc6 bxc6 14. Bb2 Qb6 15. Rab1 Bh5 16. Nh4 g6 17. Nhf3 Ne6 18. h3 Bxf3 19. Nxf3 c5 20. Bc3 Qc6 21. Bf1 Nd7 22. b4 cxb4 23. axb4 axb4 24. Bxb4 Ndc5 25. Bc3 Rfb8 26. g3 Qa4 27. Rxb8+ Rxb8 28. Qe2 Rb3 29. Rc1 Ra3 30. h4 1/2-1/2

[Event "Coimbra Queima das Fitas op"]
[Site "Coimbra"]
[Date "2017.05.01"]
[Round "7"]
[White "Costa, Paulo Jorge Lopes"]
[Black "Fernandes, Joao Pedro Murtinho"]
[Result "1-0"]
[WhiteElo "2143"]
[BlackElo "1834"]
[PlyCount "55"]
[EventDate "2017.04.28"]
[EventType "swiss"]
[EventRounds "7"]
[EventCountry "POR"]
[SourceTitle "CBM 178 Extra"]
[Source "ChessBase"]
[SourceDate "2017.06.22"]
[SourceVersion "1"]
[SourceVersionDate "2017.06.22"]
[SourceQuality "1"]

1. d4 Nf6 2. Nf3 e6 3. g3 d5 4. Bg2 Be7 5. 0-0 0-0 6. c4 Nbd7 7. Qc2 c6 8. Nbd2 dxc4 9. Nxc4 Nb6 10. Nce5 Bd7 11. e4 Rc8 12. Be3 Be8 13. Rfd1 Nbd7 14. Rac1 c5 15. d5 Nxe5 16. Nxe5 exd5 17. exd5 Bd6 18. Nc4 Ng4 19. Bd2 Ne5 20. Nxd6 Qxd6 21. Bf4 f6 22. h4 Bd7 23. Be4 h6 24. Qe2 Rfe8 25. Qh5 b6 26. Re1 Qe7 27. Bxe5 fxe5 28. f4 1-0

[Event "Coimbra Queima das Fitas op"]
[Site "Coimbra"]
[Date "2017.04.30"]
[Round "4"]
[White "Sousa, Hugo Carneiro"]
[Black "Costa, Paulo Jorge Lopes"]
[Result "1/2-1/2"]
[WhiteElo "1789"]
[BlackElo "2143"]
[PlyCount "118"]
[EventDate "2017.04.28"]
[EventType "swiss"]
[EventRounds "7"]
[EventCountry "POR"]
[SourceTitle "CBM 178 Extra"]
[Source "ChessBase"]
[SourceDate "2017.06.22"]
[SourceVersion "1"]
[SourceVersionDate "2017.06.22"]
[SourceQuality "1"]

1. e4 c5 2. Nc3 a6 3. f4 e6 4. Nf3 Nc6 5. g3 Nge7 6. Bg2 d5 7. e5 Nf5 8. 0-0 h5 9. b3 Be7 10. d3 b5 11. a4 b4 12. Ne2 Qb6 13. Kh1 a5 14. Qd2 Ba6 15. Bb2 Rc8 16. Bh3 g6 17. Bxf5 gxf5 18. Qe3 d4 19. Qf2 Bb7 20. h4 Bf8 21. Kh2 Ne7 22. Nd2 Ng8 23. Nc4 Qc7 24. Ng1 Nh6 25. Qe2 Be7 26. Nf3 Ng4+ 27. Kh3 Bd5 28. Bc1 Rg8 29. Bd2 Kd7 30. Rg1 Rg6 31. Raf1 Rcg8 32. Bc1 Kc6 33. Bd2 Kb7 34. Bc1 Ka6 35. Bd2 Qc6 36. Bc1 Bxf3 37. Qxf3 Qxf3 38. Rxf3 Nh6 39. Rgf1 Rg4 40. Bd2 R4g7 41. Bc1 Ra8 42. Bd2 Bf8 43. Bc1 Ng8 44. Bd2 Rg4 45. Bc1 Ne7 46. Bd2 Ng6 47. Be1 Be7 48. Nb2 Bf8 49. Nc4 Ne7 50. Bd2 Nd5 51. Nb2 Be7 52. Nc4 Rag8 53. R1f2 Bf8 54. Rf1 Ne7 55. Bc1 Ng6 56. Bd2 Be7 57. Be1 Nf8 58. Bd2 Nd7 59. Bc1 Nf8 1/2-1/2